LEADER 01007nam0 2200289 4500 001 000030183 005 20141112141152.0 010 $a978-88-7937-654-9 100 $a20141112d2013----km-y0itay50------ba 101 0 $aita 102 $aIT 105 $ay-------001yy 200 1 $a<>spazio a 4 dimensioni nell'arte napoletana$fAdriana Dragoni$gpresentazione di Vincenzo Pacelli$gprefazione di Giovanni Persico 210 $aNapoli$cTullio Pironti$d2013 215 $a260 p.$cill.$d21 cm 410 0$12001 500 10$a<>spazio a 4 dimensioni nell'arte napoletana$940158 610 1 $aArte napoletana 676 $a709.45731$v21$9Belle arti e arti decorative. Napoli 700 1$aDragoni,$bAdriana$4070$0618797 701 1$aPacelli,$bVincenzo$038524 702 1$aPersico,$bGiovanni 801 0$aIT$bUNIPARTHENOPE$c20141112$gRICA$2UNIMARC 912 $a000030183 951 $a709-S/2$b45314$cNAVA1$d2014 996 $aSpazio a 4 dimensioni nell'arte napoletana$940158 997 $aUNIPARTHENOPE LEADER 01077nam0 22002411i 450 001 UON00035302 005 20231205102120.181 100 $a20020107d1969 |0itac50 ba 101 $arus 102 $aSU 105 $a|||| 1|||| 200 1 $aRodoslovnoe drevo tjurok Abu-l-Gazi Xana$eGrammaticeskej ocerk (Imja i glagol, grammaticeskie kategorii)$fSergej N. Ivanov. - Taskent$eIzd. "Fan", 1969 203 p. ; 27 cm 606 $aFILOLOGIA TURCA$xSTUDI SU ABU-L-GAZI KHAN$3UONC011628$2FI 620 $aUZ$dTashkent$3UONL000222 686 $aAC III B$cASIA CENTRALE - FILOLOGIA TURCA$2A 700 1$aIVANOV$bSergej I.$3UONV022793$067409 712 $aIzdatel'stvo Akademii Nauk Uzbekskoj$3UONV248474$4650 801 $aIT$bSOL$c20240220$gRICA 899 $aSIBA - SISTEMA BIBLIOTECARIO DI ATENEO$2UONSI 912 $aUON00035302 950 $aSIBA - SISTEMA BIBLIOTECARIO DI ATENEO$dSI AC III B 012 $eSI TUR2496 5 012 996 $aRodoslovnoe drevo tjurok Abu-l-Gazi Xana$91194134 997 $aUNIOR